Music Quiz

Random Music or Lyrics Quiz

90's Alternative Lyrics Quiz Stats

 Plays Quiz not verified by Sporcle

Challenge
Share
Tweet
Embed
Score 0/10 Timer 08:00
0 Plays Today
Lyric Answer % Correct
Black hole sun..Won't you come?
84.5%
I'm a loser baby..So why don't you kill me?
83.2%
I'm a creep..I'm a weirdo
74.2%
I smell sex and candy here..Who's that lounging in my chair?
57.4%
Closing time, open all the doors..And let you out into the world
45.8%
Oh now I feel it, coming back again..Like a rolling thunder chasing the wind
41.3%
I'm never alone..I'm alone all the time
37.4%
Load up on guns, bring your friends..It's fun to lose and to pretend
36.8%
Trying to make ends meet..You're a slave to money then you die
24.5%
When the dogs begin to smell her..Will she smell alone?
22.6%

You're not logged in!

Compare scores with friends on all Sporcle quizzes.
OR
Log In

You Might Also Like...

Show Comments

Extras

Top Quizzes Today


Score Distribution

Your Account Isn't Verified!

In order to create a playlist on Sporcle, you need to verify the email address you used during registration. Go to your Sporcle Settings to finish the process.

Report this User

Report this user for behavior that violates our Community Guidelines.

Details: